Golf: The Masters Winners - Statistics

General Stats
  • This quiz has been taken 127 times
  • The average score is 9 of 12
Answer Stats
Picture Hint Answer % Correct
Winner: 1999, 2001, '02, '05, '19 Tiger Woods
99%
Winner: 2004, '06, '10 Phil Mickelson
92%
Winner: 2012, '14 Bubba Watson
91%
Winner: 1963, '65, '66, '72, '75, '86 Jack Nicklaus
91%
Winner: 1961, '64, '78 Gary Player
82%
Winner: 1958, '60, '62, '64 Arnold Palmer
81%
Winner: 1985, '93 Bernhard Langer
75%
Winner: 1989, '90, '96 Nick Faldo
71%
Winner: 1951, '53 Ben Hogan
55%
Winner: 1984, '95 Ben Crenshaw
50%
Winner: 1980, '83 Seve Ballesteros
38%
Winner: 1937, '42 Byron Nelson
31%
No matching quizzes found
Score Distribution
Percent of People with Each Score
Percentile by Number Answered
Your Score History
You have not taken this quiz